| 000 | 00803nam a2200277Ia 4500 | ||
|---|---|---|---|
| 003 | OSt | ||
| 005 | 20221005081159.0 | ||
| 006 | a|||||r|||| 00| 0 | ||
| 007 | ta | ||
| 008 | 221004b |||||||| |||| 00| 0 eng d | ||
| 020 |
_a8120327950 _c325 |
||
| 024 | _a84336 | ||
| 037 |
_b700, 31/03/2006, Vardhman Books _cTextual |
||
| 040 |
_aCRL _cCRL _beng |
||
| 041 |
_2eng _aeng |
||
| 082 | _aX:8C, P5 | ||
| 100 | _aNarayanaswamy R. | ||
| 245 | 0 |
_aFinancial accounting _b A managerial perspective |
|
| 250 | _a2nd | ||
| 260 |
_aNew Delhi _bPrentice Hall of India Private Limited India _c2005 |
||
| 300 |
_axv, 663p. _ccm. |
||
| 650 | _a ECONOMICS | ||
| 650 | _aACCOUNTING | ||
| 942 |
_hX:8C, P5 _cTEXL _2cc |
||
| 999 |
_c987299 _d987299 |
||